[Event "St Jean op"]
[Site "St Jean sur Richelieu"]
[Date "2004.06.25"]
[Round "1"]
[White "Duchesneau, Alain"]
[Black "Duplessis, Jean Roch"]
[Result "1/2-1/2"]
[WhiteElo "1568"]
[BlackElo "1780"]
[PlyCount "88"]
[EventDate "2004.06.??"]
[EventType "swiss"]
[EventRounds "5"]
[EventCountry "CAN"]
[SourceTitle "EXT 2006"]
[Source "ChessBase"]
[SourceDate "2005.11.24"]
[SourceVersion "1"]
[SourceVersionDate "2005.11.24"]
[SourceQuality "1"]

1. e4 c5 2. Nc3 Nc6 3. g3 Nf6 4. Bg2 e6 5. f4 d5 6. e5 d4 7. exf6 dxc3 8. fxg7 cxd2+ 9. Qxd2 Bxg7 10. Qxd8+ Nxd8 11. c3 Bd7 12. Be3 Rc8 13. 0-0-0 b5 14. Ne2 Bc6 15. Bxc6+ Rxc6 16. Kc2 Nb7 17. Rd2 Ke7 18. Rhd1 Rd8 19. Rxd8 Nxd8 20. g4 Nb7 21. Ng3 Nd6 22. b3 a5 23. h4 c4 24. Bd4 Bxd4 25. Rxd4 cxb3+ 26. axb3 b4 27. c4 Nb5 28. Re4 f6 29. Nf5+ Kf7 30. Nd4 Nxd4+ 31. Rxd4 Rc5 32. Rd7+ Kg8 33. Kd3 h5 34. Kd4 Rc8 35. gxh5 e5+ 36. fxe5 fxe5+ 37. Kd5 a4 38. bxa4 Rb8 39. Kxe5 b3 40. Rd1 Re8+ 41. Kf4 Rc8 42. Rb1 Rxc4+ 43. Kg5 Rxa4 44. Rxb3 Ra5+ 1/2-1/2

[Event "Sherbrooke op-B"]
[Site "Sherbrooke"]
[Date "2004.05.29"]
[Round "2"]
[White "Rozybakiyev, Rasul"]
[Black "Duchesneau, Alain"]
[Result "1-0"]
[WhiteElo "1732"]
[BlackElo "1544"]
[PlyCount "93"]
[EventDate "2004.05.??"]
[EventType "swiss"]
[EventRounds "5"]
[EventCountry "CAN"]
[SourceTitle "EXT 2005"]
[Source "ChessBase"]
[SourceDate "2004.11.15"]
[SourceVersion "1"]
[SourceVersionDate "2004.11.15"]
[SourceQuality "1"]

1. e4 Nf6 2. e5 Nd5 3. d4 d6 4. Nf3 Nc6 5. c4 Nb6 6. exd6 exd6 7. Be2 Be7 8. 0-0 0-0 9. Nc3 Bf5 10. a3 Bf6 11. Be3 Re8 12. d5 Ne5 13. Nxe5 Bxe5 14. Bd4 Nd7 15. f4 Bxd4+ 16. Qxd4 Qf6 17. Rad1 a6 18. b4 Qxd4+ 19. Rxd4 Re3 20. Rf3 Rae8 21. Kf2 R3e7 22. h3 Nf6 23. Bd3 Bxd3 24. Rdxd3 Kf8 25. Rfe3 Ne4+ 26. Ke2 f5 27. g4 g5 28. fxg5 f4 29. Rxe4 Rxe4+ 30. Nxe4 Rxe4+ 31. Kf3 Rxc4 32. h4 Ke7 33. Rd2 Rc3+ 34. Kxf4 Rxa3 35. h5 Ra4 36. Rd4 a5 37. Re4+ Kf7 38. bxa5 Rxa5 39. Rd4 Ke7 40. Rd3 c5 41. Re3+ Kf7 42. Kf5 c4 43. g6+ hxg6+ 44. hxg6+ Kf8 45. Kf6 Ra8 46. g7+ Kg8 47. Rh3 1-0

[Event "Quebec Montcalm op 1 2002-03"]
[Site "Quebec"]
[Date "2002.09.26"]
[Round "3"]
[White "Bourassa, Andre"]
[Black "Duchesneau, Alain"]
[Result "1-0"]
[WhiteElo "1692"]
[BlackElo "1377"]
[PlyCount "69"]
[EventDate "2002.09.12"]
[EventType "swiss"]
[EventRounds "5"]
[EventCountry "CAN"]
[SourceTitle "EXT 2022"]
[Source "ChessBase"]
[SourceDate "2021.10.06"]
[SourceVersion "1"]
[SourceVersionDate "2021.10.06"]
[SourceQuality "1"]

1. d4 c5 2. d5 d6 3. c4 g6 4. e4 Bg7 5. Bd3 Nf6 6. Ne2 Nbd7 7. 0-0 0-0 8. Nbc3 a6 9. Qc2 Ne5 10. f4 Nxd3 11. Qxd3 b5 12. b3 b4 13. e5 dxe5 14. Na4 e4 15. Qd1 Nxd5 16. Rb1 Nf6 17. Be3 Bg4 18. Kf2 Qc7 19. Nxc5 Rfd8 20. Qc2 Bxe2 21. Qxe2 e5 22. fxe5 Qxe5 23. Kg1 Rac8 24. Nxa6 Rd3 25. Nxb4 Rxe3 26. Qxe3 Ng4 27. Qf4 Qc5+ 28. Kh1 f5 29. h3 Be5 30. Qd2 e3 31. Qd5+ Qxd5 32. Nxd5 Re8 33. hxg4 e2 34. Rfe1 Bg3 35. Nf6+ 1-0